000 01755nam a22002417a 4500
999 _c5152
_d5152
003 OSt
005 20250724092630.0
008 250724b ||||| |||| 00| 0 eng d
020 _a9781036010737
040 _cKH8
082 _a330 HOA
100 _aHoang, Paul,
_eauthor.
245 _aCambridge IGCSE and O Level Economics:
_bStudent's Book /
_cPaul Hoang and Margaret Ducie.
260 _aUK;
_bHachette Learning,
_c2025.
300 _aviii, 296 pages :
_bcolor illustrations ;
_c28 cm.
500 _aIncludes index.
520 _aRevised and updated for the latest syllabuses, this new edition provides accessible content for all learners, with updated practice questions, EAL-friendly content and an improved structure. - Trust an experienced author team to navigate the syllabus confidently with clear signposting and individual chapters on each topic, along with clearly defined learning objectives throughout. - Deepen understanding by applying knowledge to up-to-date real-life global case studies. - Develop application and evaluation skills and prepare for assessment with study tips and updated practice questions. - Extend learning beyond the classroom by reflecting on skills learned and applying them to local and global environments. - Check understanding with engaging activities that thoroughly integrate deep learning skills. - Build and reinforce the understanding of all learners with a clear layout, accessible language and EAL-friendly definitions of key terms. - Consolidate learning with revision checklists and updated practice questions.
650 _aStudent guide
_vEconomics
650 _aRevision book
_vEconomics
650 _aLearning skills
_vEconomics
700 _aDucie, Paul,
_eauthor.
942 _2ddc
_cTR